Most Popular Percussion Instruments - Statistics

General Stats
  • This quiz has been taken 21 times
  • The average score is 12 of 25
Answer Stats
Answer % Correct
Snare Drum
95%
Bass Drum
89%
Marimba
89%
Xylophone
89%
Cymbals
79%
Glockenspiel
74%
Gong
68%
Timpani
63%
Vibraphone
63%
Chimes
58%
Triangle
58%
Tambourine
47%
Bongos
42%
Drum Set
42%
Tubular Bells
42%
Maracas
37%
Wood Block
37%
Castanets
32%
Congas
32%
Cowbell
26%
Piano
26%
Claves
21%
Guiro
16%
Celesta
0%
Djemba
0%
No matching quizzes found
Score Distribution
Percent of People with Each Score
Percentile by Number Answered
Your Score History
You have not taken this quiz